000 01627nam a2200325 i 4500
001 991061720875306706
003 ES-BaIT
005 20260225102205.0
008 260225e202409 fr r 000 d fre c
020 _a9782749816661
040 _aES-BaIT
_bcat
_erda
_cES-BaIT
080 _a840-2"19"
100 1 _aMichineau, Anthony
_eautor
_9168691
245 1 4 _aLes Marchands d'étoiles /
_cAnthony Michineau
264 1 _aParis :
_bAvant-scène théâtre,
_cseptembre 2024
300 _a88 pàgines ;
_c21 cm
336 _atext
_btxt
_2rdacontent
337 _asense mediació
_bn
_2rdamedia
338 _avolum
_bnc
_2rdacarrier
490 1 _aL'Avant-scène théâtre ;
_vno 1561
500 _aP6: D2, H4
500 _aPublicat com no 1561 (septembre 2024) de la revista L'Avant-scène théâtre
500 _aEstrena Théâtre-Actuel La Bruyère el 22 de maig de 2023
520 _a"Paris 1942. La vie poursuit son cours, dans un dépôt de tissus parisien tenu par Raymond at Yvette Martineau. Mais le patron, sous des dehors affirmés, ne réussit pas à imposser son autorité à son épouse, à sa fille Paulette ou encore à Joseph, son plus jeune employé, dont le père est breton mais dont la mère est juive. Que va-t-il se passer lorsque Louis, son plus vieil employé, révélera que son nouvel ami est un collabo de la pire espèce? Qu'un Juif trouve refuge à l'atelier? Mais à part ça... La vie poursuit son cours"-- Contracoberta
650 0 _aJueus
_vTextos dramàtics
_9168692
830 _aAvant-scène.
_pThéâtre
_vno 1561
_9168170
908 _aCDMAE
940 _aCDMAE
942 _2udc
_c1
999 _c137136
_d137136